| 000 | 00790nam a2200241 a 4500 | ||
|---|---|---|---|
| 001 | 000043166 | ||
| 005 | 20201002040705.0 | ||
| 008 | 140220s1983 sp 000 0 spa d | ||
| 020 | _a8402048323 | ||
| 040 |
_aDO-SdBNP _bspa _cBNPHU |
||
| 041 | 1 | 7 |
_aspa _heng |
| 082 |
_axxx _bA832s, 1983 |
||
| 100 | 1 |
_aAsimov, Isaac, _d1920-1992. _913328 |
|
| 240 | 1 | 0 |
_aSecond foundation _lEspañol |
| 245 | 1 | 0 |
_aSegunda fundación / _cIsaac Asimov ; traducción Pilar Giralt. |
| 250 | _a9a ed. | ||
| 260 |
_aBarcelona : _bBruguera, _c1983. |
||
| 490 | 1 |
_aLibro amigo _aciencia ficción _v410 |
|
| 500 | _aIncluye referencias bibliográficas y notas al pie de las páginas. | ||
| 700 | 1 | 2 |
_aGiralt, Pilar _etr. _913329 |
| 830 | 0 |
_aLibro amigo _pciencia ficción ; _n410 _970737 |
|
| 330 |
_a250 p. _c18 cm |
||
| 999 |
_c42655 _d42655 |
||